000
00298nam a22001337a 4500
008
181204b xxu||||| |||| 00| 0 eng d
020
_a
0442291809
041
_a
eng
080
_a
701
100
_a
44
101
_a
ART
245
_a
Principles of Two-Dimensional Form
_c
Wong,W
942
_2
udc
_c
BK
999
_c
52765
_d
52765